Deutsche Städte mit "I" - Statistiken

Allgemein
  • Dieses Quiz wurde 107 mal gespielt
  • Das Durchschnittsergebnis liegt bei 8 aus 18
Antwortstatistiken
Bundesland Stadt % Korrekt
Bayern Ingolstadt
86%
Nordrhein-Westfalen Iserlohn
83%
Thüringen Ilmenau
75%
Rheinland-Pfalz Idar-Oberstein
68%
Schleswig-Holstein Itzehoe
68%
Nordrhein-Westfalen Ibbenbüren
60%
Bayern Illertissen
59%
Hessen Idstein
56%
Rheinland-Pfalz Ingelheim am Rhein
48%
Baden-Württemberg Isny im Allgäu
44%
Bayern Immenstadt im Allgäu
43%
Bayern Ichenhausen
28%
Sachsen-Anhalt Ilsenburg (Harz)
23%
Nordrhein-Westfalen Isselburg
20%
Hessen Immenhausen
16%
Bayern Iphofen
8%
Baden-Württemberg Ilshofen
6%
Baden-Württemberg Ingelfingen
4%
Keine übereinstimmenden Quizze gefunden
Verteilung der Resultate
Anzahl Personen mit jedem Resultat
Perzentil nach korrekt beantworteten Fragen
Ihre Resultats-Entwicklung
Sie haben dieses Quiz noch nicht gespielt